00261nam a2200109Ia 4500008004100000100001700041245003600058260001900094260000900113546001200122999001700134170619s9999 xx 000 0 und d aBolestad R L 0aElectronic devices and circuits bNew Delhi: PHI c2004 aENGLISH c17469d17469